| 000 | 00473nam a2200145Ia 4500 | ||
|---|---|---|---|
| 008 | 221007s9999 xx 000 0 und d | ||
| 041 | _aeng | ||
| 082 | _bKIR | ||
| 100 |
_aKirti Mate - 2k161102; Ganesh Lotke - Guide & Enrecover Right Technology _9105140 |
||
| 245 | _aStudy Of Scm Practices And Demand Forecasting For Enrecover Energy Recovery Solution Ltd | ||
| 260 |
_c2016 _bSavitribai Phule Pune University _aPune |
||
| 300 | _a44p | ||
| 440 | _v1 | ||
| 906 | _bGeneral | ||
| 999 |
_c80040 _d80040 |
||